Vista normal Vista MARC

Entrada Personal Name

Número de registros utilizados en: 1

001 - CONTROL NUMBER

  • control field: 42501

003 - CONTROL NUMBER IDENTIFIER

  • control field: OSt

005 - DATE AND TIME OF LATEST TRANSACTION

  • control field: 20221213112757.0

008 - FIXED-LENGTH DATA ELEMENTS

  • fixed length control field: 221213|| aca||aabn | a|a d

040 ## - CATALOGING SOURCE

  • Original cataloging agency: OSt
  • Transcribing agency: OSt

100 ## - HEADING--PERSONAL NAME

  • Personal name: Llinás Riascos, Rodolfo,
  • Dates associated with a name: 1934-
  • Form subdivision: Biografías

670 ## - SOURCE DATA FOUND

  • Source citation: Work cat.: (OSt)29788: Correa Torres, Pablo, autor 42500, Rodolfo Llinás : , 2017